| 000 | 00396nam a2200157 i 4500 | ||
|---|---|---|---|
| 001 | bg | ||
| 100 | 1 | _aHempel, Leonard. | |
| 245 | 0 |
_aPodstawy konstrukcji maszyn. _nT. 2 / _cL. Hempel. |
|
| 260 |
_aGdynia, _c1984. |
||
| 650 | 9 |
_aMaszyny _xbudowa i konstrukcje |
|
| 655 | _aPodręczniki akademickie | ||
| 040 | _cBPK | ||
| 041 | _apol | ||
| 942 | _cKS | ||
| 008 | s pl f |000 0 pol | ||
| 999 |
_c2695 _d2695 |
||
| 856 |
_uhttp://koha.tu.koszalin.pl/cgi-bin/koha/opac-detail.pl?biblionumber=2695 _yKatalog online BPK |
||